000 00298nam a2200121Ia 4500
008 240731s9999 xx 000 0 und d
022 _a2159-2799
245 0 _aCellular Logistics
260 _bTaylor & Francis
856 _uhttps://www.tandfonline.com/loi/kcll20
942 _2ddc
942 _cTFEJ
999 _c75798
_d75798
945 _a1
_bMadushi Gamage
_c1
_dMadushi Gamage